000 00271nam a22001217a 4500
008 181024b xxu||||| |||| 00| 0 eng d
041 _aeng
080 _27 ED
_a61
100 _a6
101 _aANA
245 _aHuman Anatomy Psysiology
_cMarieb.E.N
942 _2udc
_cBK
999 _c50789
_d50789